[Event "Mechanics' SummerTNM; 30/90, SD/30"]
[Site "San Francisco"]
[Date "2014.05.27"]
[Round "1.31"]
[White "Zulkhuu, Jamyandagva"]
[Black "Chalissery, Jossy"]
[Result "1-0"]
[WhiteElo "832"]
[BlackElo "1723"]
[PlyCount "98"]
[EventDate "2014.??.??"]

1. e4 d5 2. exd5 Qxd5 3. Nc3 Qa5 4. Nf3 c6 5. d4 Bf5 6. Bf4 e6 7. a3 Nf6 8. h3
Nbd7 9. b4 Qd8 10. Bg5 Be7 11. Ne5 Nxe5 12. dxe5 Nd7 13. Bxe7 Qxe7 14. g4 Bg6
15. Qd6 Qxd6 16. exd6 Bxc2 17. b5 c5 18. Bg2 Rb8 19. Rc1 Bg6 20. Na4 b6 21. Bc6
Kd8 22. f4 h5 23. g5 Re8 24. O-O Bf5 25. h4 g6 26. Rc4 e5 27. Re1 Be6 28. Rce4
exf4 29. Nc3 f3 30. Ra4 Rf8 31. Rxa7 f2+ 32. Kxf2 c4 33. Nd5 Nc5 34. Re3 Nd3+
35. Kg3 Nc5 36. Nf6 Rc8 37. Nd5 Rb8 38. Ne7 Nb3 39. Rxe6 fxe6 40. Rd7+ Ke8 41.
Nxg6 Nd4 42. Re7+ Kd8 43. Rd7+ Ke8 44. Rb7+ Nxc6 45. d7+ Kd8 46. bxc6 Rxb7 47.
cxb7 Kxd7 48. Nxf8+ Kc7 49. Nxe6+ Kxb7 1-0

[Event "Mechanics' Spring TNM; 30/90, SD/30"]
[Site "San Francisco"]
[Date "2014.03.18"]
[Round "1.25"]
[White "Zulkhuu, Jamyandagva"]
[Black "Chalissey, Jossy"]
[Result "0-1"]
[WhiteElo "787"]
[BlackElo "1723"]
[PlyCount "60"]
[EventDate "2014.??.??"]

1. e4 d5 2. exd5 Qxd5 3. Nc3 Qa5 4. Nf3 c6 5. g3 Nf6 6. Bc4 Bf5 7. h3 h6 8. d4
e6 9. a3 Nbd7 10. g4 Bh7 11. Bf4 Nd5 12. Qd2 Nxc3 13. bxc3 Nb6 14. Bb3 Nd5 15.
Be5 Qxc3 16. Qxc3 Nxc3 17. Bc7 Be4 18. h4 Nd5 19. Bxd5 cxd5 20. Rh3 Rc8 21. Be5
Rxc2 22. Nd2 f6 23. Bb8 a6 24. Nxe4 dxe4 25. Re3 f5 26. gxf5 exf5 27. d5 Bc5
28. Rb3 b5 29. a4 O-O 30. axb5 $2 Rxb8 0-1

[Event "Mechanics' Spring TNM; 30/90, SD/30"]
[Site "San Francisco"]
[Date "2014.04.08"]
[Round "4.35"]
[White "Zulkhuu, Jamyandagva"]
[Black "Cheng, Andrew"]
[Result "0-1"]
[WhiteElo "787"]
[BlackElo "1421"]
[PlyCount "90"]
[EventDate "2014.??.??"]

1. e4 e5 2. Nf3 Nc6 3. Bc4 h6 4. Nc3 Nf6 5. O-O Bb4 6. d3 O-O 7. Bd2 d6 8. a3
Bxc3 9. Bxc3 Re8 10. Qd2 Bg4 11. Qe3 Ne7 12. h3 Bh5 13. d4 d5 14. Bd3 exd4 15.
Bxd4 dxe4 16. Bxe4 Nxe4 17. Qxe4 Nc6 18. Qd3 Bxf3 19. Qxf3 Nxd4 20. Qxb7 Nxc2
21. Rad1 Qb8 22. Qc6 Re2 23. Qf3 Qe8 24. Qc3 Rd8 25. Rxd8 Qxd8 26. Rc1 Nd4 27.
Qd3 Re6 28. Rd1 Rd6 29. Re1 Ne6 30. Qf3 Rd2 31. b4 Rd3 32. Qh5 Rxa3 33. Rd1 Rd3
34. Ra1 Qg5 35. Qe2 Rxh3 36. g3 Qd5 37. f3 Rxg3+ 38. Kf2 Rh3 39. Kg2 Qh5 40.
Qd3 Rh2+ 41. Kf1 Qh3+ 42. Ke1 Rh1+ 43. Ke2 Nf4+ 44. Ke3 Nxd3 45. Kxd3 Rxa1 0-1

[Event "Mechanics' SummerTNM; 30/90, SD/30"]
[Site "San Francisco"]
[Date "2014.07.01"]
[Round "6.36"]
[White "Zulkhuu, Jamyandagva"]
[Black "Eytan, David"]
[Result "0-1"]
[WhiteElo "832"]
[BlackElo "1595"]
[Annotator "Donaldson"]
[PlyCount "53"]
[EventDate "2014.??.??"]

1. e4 e5 2. Nf3 f5 3. Nc3 fxe4 4. Nxe4 d5 5. Nc3 Nf6 6. Nxe5 Bc5 7. d4 Qe7 8.
Bf4 Bd6 9. Bd3 Nbd7 10. Qe2 O-O 11. O-O Re8 12. Rae1 c5 13. Qe3 Qf8 14. Qg3
cxd4 15. Nb5 Bxe5 16. Bxe5 Nxe5 17. Rxe5 Rxe5 18. Qxe5 Bd7 19. Nxd4 Re8 20. Qg3
Qb4 21. c3 $2 (21. Nb3 $16) 21... Qxb2 22. Rb1 Qxa2 23. Nf5 Bxf5 24. Bxf5 Qd2
25. h3 (25. Qd3 Re1+ 26. Rxe1 Qxe1+ 27. Qf1 Qxc3) 25... Re1+ 26. Rxe1 Qxe1+ 27.
Kh2 0-1

[Event "Mechanics' Winter TNM; 30/90, SD/30"]
[Site "San Francisco"]
[Date "2014.01.21"]
[Round "3.34"]
[White "Zulkhuu, Jamyandagva"]
[Black "Gomboluudev, Enkhjin"]
[Result "0-1"]
[WhiteElo "908"]
[BlackElo "1320"]
[PlyCount "40"]
[EventDate "2014.??.??"]

1. e4 e5 2. Nf3 Nc6 3. Bc4 Bc5 4. Nc3 d6 5. d3 h6 6. h3 Nf6 7. a3 a6 8. b4 Ba7
9. Be3 Nd4 10. Rb1 b5 11. Bd5 c6 12. Bb3 O-O 13. g3 Re8 14. O-O Bxh3 15. Re1
Ng4 16. Bd2 Qf6 17. Be3 Nxf3+ 18. Kh1 Nxe1 19. Qxe1 Qf3+ 20. Kg1 Qg2# 0-1

[Event "Mechanics' Spring TNM; 30/90, SD/30"]
[Site "San Francisco"]
[Date "2014.04.22"]
[Round "6.30"]
[White "Zulkhuu, Jamyandagva"]
[Black "Louie, Henry"]
[Result "0-1"]
[WhiteElo "787"]
[BlackElo "1475"]
[PlyCount "68"]
[EventDate "2014.??.??"]

1. e4 e5 2. Nf3 Nf6 3. Nxe5 d6 4. Nf3 Nxe4 5. d3 Nf6 6. Nc3 Be7 7. Be2 Nc6 8.
O-O O-O 9. Bf4 Re8 10. Re1 Bf8 11. Qd2 Ne7 12. Bg5 c6 13. Bxf6 gxf6 14. Ne4 Ng6
15. Bf1 Bg4 16. Qe3 d5 17. Ng3 Rxe3 18. Rxe3 Bc5 19. Re2 Qb6 20. Rb1 Nf4 21.
Ree1 Bxf2+ 22. Kh1 Bxe1 23. Rxe1 Qxb2 24. h3 Bxf3 25. gxf3 Qxc2 26. Nf5 Qf2 27.
Nh6+ Kf8 28. Rb1 Qxf3+ 29. Kg1 Qg3+ 30. Kh1 Nxh3 31. Bxh3 Qxh3+ 32. Kg1 Qxh6
33. Rxb7 Re8 34. Rb1 Qd2 0-1

[Event "Mechanics' SummerTNM; 30/90, SD/30"]
[Site "San Francisco"]
[Date "2014.06.24"]
[Round "5.11"]
[White "Zulkhuu, Jamyandagva"]
[Black "Matz, James"]
[Result "0-1"]
[WhiteElo "1987"]
[BlackElo "1772"]
[PlyCount "80"]
[EventDate "2014.??.??"]

1. e4 e6 2. d4 d5 3. e5 c5 4. Nf3 Nc6 5. c3 Nge7 6. Bd3 Bd7 7. Bg5 Qb6 8. b3
cxd4 9. cxd4 Nxd4 10. Be3 Nxf3+ 11. Qxf3 d4 12. Bg5 Bc6 13. Qh5 h6 14. Bh4 Qb4+
15. Nd2 Qc3 16. Ke2 Nd5 17. Qg4 Nb4 18. Qg3 g5 19. Rhc1 Qxd3+ 20. Qxd3 Nxd3 21.
Kxd3 gxh4 22. Nf3 Bxf3 23. gxf3 Kd7 24. Rc2 Be7 25. Rac1 Rac8 26. Kxd4 Rxc2 27.
Rxc2 Rc8 28. Rd2 Bb4 29. Re2 Ke7 30. Kd3 Rc5 31. Re4 Rd5+ 32. Kc2 a5 33. Rxh4
Rd2+ 34. Kc1 Rxf2 35. f4 Bd2+ 36. Kd1 Rxf4 37. Rh5 Rd4 38. Ke2 Bg5 39. Kf3 Rh4
40. Rxh4 Bxh4 {... and} 0-1

[Event "Mechanics' Spring TNM; 30/90, SD/30"]
[Site "San Francisco"]
[Date "2014.04.29"]
[Round "7.33"]
[White "Zulkhuu, Jamyandagva"]
[Black "McKellar, Daniel"]
[Result "0-1"]
[WhiteElo "787"]
[BlackElo "1415"]
[PlyCount "58"]
[EventDate "2014.??.??"]

1. e4 c5 2. Bc4 (2. Nf3 e6 3. d4 cxd4 4. Nxd4) 2... e6 3. Nc3 Nc6 4. Nf3 d6 (
4... Nf6 5. e5 Ng4 6. Qe2 Qc7 7. Nb5 Qb8) 5. d3 Nf6 6. Be3 Be7 (6... d5 7. exd5
exd5 8. Bb5 d4) 7. d4 cxd4 8. Nxd4 O-O 9. O-O Bd7 10. Qf3 (10. f4) 10... Ne5
11. Qe2 Rc8 (11... Nxc4 12. Qxc4 Rc8) 12. b3 (12. Bb3) 12... Nfg4 (12... Nxc4
13. bxc4) 13. h3 Nxe3 14. Qxe3 Nxc4 15. bxc4 Rxc4 16. Qe2 Rxc3 17. Rab1 Qc7 18.
Qd2 d5 19. Rfe1 dxe4 20. Rb2 Bf6 21. Reb1 b6 22. Nb5 Bxb5 23. Rxb5 Rxc2 24. Qe3
Rd8 25. Qxe4 Rc1+ 26. Rxc1 Qxc1+ 27. Kh2 Qc7+ 28. Kg1 Rd1+ 29. Qe1 Rxe1# 0-1